Průvodce českými dějinami 20. století
Autor podává výklad o historickém vývoji našeho území od počátku 20. století až do konce této bouřlivé epochy. Jednotlivé kapitoly se pokoušejí srozumitelně a zároveň stručně zachytit důležité události našich dějin. Jejich součástí jsou rovněž kratší texty věnované málo známým faktům a zajímavostem,...
Saved in:
| Main Author | |
|---|---|
| Format | Book |
| Language | Czech |
| Published |
Brno :
Clio,
2012
|
| Edition | Vyd. 1. |
| Subjects | |
| ISBN | 9788090508101 |
| Physical Description | 320 s. : il., portréty, faksim. ; 25 cm |
| LEADER | 00000cam a2200000 a 4500 | ||
|---|---|---|---|
| 001 | 73273 | ||
| 003 | CZ-ZlUTB | ||
| 005 | 20240829153513.0 | ||
| 007 | ta | ||
| 008 | 120820s2012 xr ach e 000 0 cze | ||
| 015 | |a cnb002391875 | ||
| 020 | |a 9788090508101 |q (váz.) | ||
| 035 | |a (OCoLC)817048886 | ||
| 040 | |a ABA001 |b cze | ||
| 043 | |a e-cs--- |a e-xr--- | ||
| 045 | |a x0y0 | ||
| 072 | 7 | |a 94(437) |x Dějiny Česka a Slovenska |2 Konspekt |9 8 | |
| 080 | |a 94(437.3)"19" |2 MRF | ||
| 080 | |a 94(437) |2 MRF | ||
| 080 | |a (048.8) |2 MRF | ||
| 100 | 1 | |a Emmert, František, |d 1974- |7 js20020513025 |4 aut | |
| 245 | 1 | 0 | |a Průvodce českými dějinami 20. století / |c František Emmert |
| 250 | |a Vyd. 1. | ||
| 260 | |a Brno : |b Clio, |c 2012 | ||
| 300 | |a 320 s. : |b il., portréty, faksim. ; |c 25 cm | ||
| 504 | |a Obsahuje bibliografii | ||
| 520 | |a Autor podává výklad o historickém vývoji našeho území od počátku 20. století až do konce této bouřlivé epochy. Jednotlivé kapitoly se pokoušejí srozumitelně a zároveň stručně zachytit důležité události našich dějin. Jejich součástí jsou rovněž kratší texty věnované málo známým faktům a zajímavostem, fotografie, tabulky a chronologické přehledy. Závěr obsahuje bibliografii k českým a čs. dějinám minulého století. | ||
| 520 | |a Stručný přehled politických a hospodářských dějin českých zemí a Československa v průběhu 20. století. | ||
| 655 | 7 | |a přehledy |7 fd133202 |2 czenas | |
| 655 | 9 | |a surveys |2 eczenas | |
| 648 | 7 | |a 20. století |7 ch460558 |2 czenas | |
| 651 | 7 | |a Česko |7 ge128065 |x dějiny |y 20. století |2 czenas | |
| 651 | 7 | |a Československo |7 ge131689 |x dějiny |2 czenas | |
| 651 | 9 | |a Czechia |x history |y 20th century |2 eczenas | |
| 651 | 9 | |a Czechoslovakia |x history |2 eczenas | |
| 910 | |a ZLD002 | ||
| 952 | |0 0 |1 0 |4 0 |6 9437EMMERTF |7 0 |8 BOOK |9 129536 |a UTBZL |b UTBZL |c 005 |d 2014-08-25 |l 0 |o 943.7/EMMERT,F. |p 420010155119 |r 2019-08-26 00:00:00 |v 497.00 |w 2019-08-26 |x N:nákup; |y 01 | ||
| 992 | |a BK |b SK | ||
| 901 | |b 9788090508101 |f 1. vyd. |o 20121019 | ||
| 999 | |c 73273 |d 73273 | ||